Cd̤igo Contencioso Administrativo

Bibliographic Details
Main Author: Jimňez Lozano, ℓlvaro
Format: eBook
Language:Spanish
Published: Bogot ̀: ECOE, 2009
Subjects:
Online Access:http://www.vlex.com/source/6841

MARC

LEADER 00000nam a22000007a 4500
005 20130125130345.0
007 cr|||| ||||
008 130125e2009 ck |||||s|||| 00||0 spa d
020 |a 9586485269 
035 |a 6841 
040 |a vLex 
090 |c 3610  |d 3610 
100 1 0 |a Jimňez Lozano, ℓlvaro  
245 1 0 |a Cd̤igo Contencioso Administrativo  |h [Recurso electrn̤ico] 
256 |a Servicio en ln̕ea 
260 |a Bogot ̀:  |b ECOE,   |c 2009 
300 |a 1 Recurso electrn̤ico 
650 0 4 |a Procedimiento contencioso-administrativo  |z Colombia 
740 |a vLex Libros (Servicio en ln̕ea) 
856 |a Acceso restringido  |u http://www.vlex.com/source/6841 
942 |c BOOK 
999 0 |a Administrative courts